Los diarios secretos de las chicas (in)completas / (Registro nro. 60491)

Detalles MARC
000 -CABECERA
Longitud fija campo de control 01409nam a2200409 a 4500
003 - • IDENTIFICADOR DELl NÚMERO DE CONTROL
Identificador del número de control CO-BoRNBP
005 - • FECHA Y HORA DE LA ÚLTIMA TRANSACCIÓN
Fecha y hora de la última transacción 20260216201121.0
007 - • CAMPO FIJO DE DESCRIPCIÓN FÍSICA
Campo fijo de descripción física t
008 - • CÓDIGOS DE INFORMACIÓN DE LONGITUD FIJA
Códigos de información de longitud fija 190410s2018 ck a gr 000 f spa d
020 ## - • NÚMERO INTERNACIONAL NORMALIZADO PARA LIBROS
Número Internacional Normalizado para Libros (ISBN) 9789583057182
040 ## - FUENTE DE LA CATALOGACIÓN
Centro catalogador de origen CO-BoBLA
Lengua de catalogación spa
Centro modificado CO-BoBLA
Normas de descripción rda
Centro transcriptor 0
041 ## - • CÓDIGO DE LENGUA
Código de lengua del texto/banda sonora o título independiente spa
043 ## - CÓDIGO DE ÁREA GEOGRÁFICA
Código de área geográfica s-ck---
082 04 - • NÚMERO DE LA CLASIFICACIÓN DECIMAL DEWEY
Número de clasificación (R) Co863.6
Número del ítem M35d8
Número de edición 19
084 ## - • Clasificación Local Alfanúmerica PNLB
Número de clasificación N MEN23
100 1# - • PUNTO DE ACCESO PRINCIPAL-NOMBRE DE PERSONA
Nombre de persona Mendoza Luna, Miguel,
Fechas asociadas al nombre 1973-
245 14 - • TITULO PROPIAMENTE DICHO
Título Los diarios secretos de las chicas (in)completas /
Mención de responsabilidad, etc. Miguel Mendoza Luna ; ilustraciones Ximena Arias.
250 ## - • MENCIÓN DE EDICIÓN
Mención de edición 1a. edición
264 ## - PRODUCCIÓN, PUBLICACIÓN , DISTRIBUCIÓN, FABRICACIÓN Y COPYRIGHT
Lugar de producción, publicación, distribución, fabricación Bogotá :
Nombre del productor, editor, distribuidor, fabricante Panamericana Editorial,
Fecha de de producción, publicación, distribución, fabricación o copyright 2018.
300 ## - • DESCRIPCIÓN FÍSICA
Extensión 303 páginas :
Otras características físicas ilustraciones ;
Dimensiones 21 cm.
336 ## - TIPO DE CONTENIDO
Término de tipo de contenido text
Código de tipo de contenido txt
Fuente rdacontent
337 ## - TIPO DE MEDIO
Nombre del tipo de medio unmediated
Código del tipo de medio n
Fuente rdamedia
338 ## - TIPO DE SOPORTE
Nombre del tipo de soporte volume
Código del tipo de soporte nc
Fuente rdacarrier
490 1# - • MENCIÓN DE SERIE
Mención de serie Colección jóvenes adultos
650 #7 - • PUNTO DE ACCESO ADICIONAL DE MATERIA - TÉRMINO DE MATERIA
Término de materia o nombre geográfico como elemento inicial Adolescencia
Subdivisión de forma Novela juvenil.
Fuente del encabezamiento o término BLAAUTO
650 #7 - • PUNTO DE ACCESO ADICIONAL DE MATERIA - TÉRMINO DE MATERIA
Término de materia o nombre geográfico como elemento inicial Amistad
Subdivisión de forma Novela juvenil.
Fuente del encabezamiento o término BLAAUTO
650 #7 - • PUNTO DE ACCESO ADICIONAL DE MATERIA - TÉRMINO DE MATERIA
Término de materia o nombre geográfico como elemento inicial Enfermos con neoplasias
Subdivisión de forma Novela juvenil.
Fuente del encabezamiento o término BLAAUTO
650 #7 - • PUNTO DE ACCESO ADICIONAL DE MATERIA - TÉRMINO DE MATERIA
Término de materia o nombre geográfico como elemento inicial Fantasía
Subdivisión de forma Novela juvenil.
Fuente del encabezamiento o término BLAAUTO
650 #7 - • PUNTO DE ACCESO ADICIONAL DE MATERIA - TÉRMINO DE MATERIA
Término de materia o nombre geográfico como elemento inicial Novela juvenil colombiana.
Fuente del encabezamiento o término BLAAUTO
700 1# - • PUNTO DE ACCESO ADICIONAL - NOMBRE DE PERSONA
Nombre de persona Arias, Ximena,
Término indicativo de función ilustradora.
830 #0 - • PUNTO DE ACCESO ADICIONAL DE SERIE - TÍTULO UNIFORME
Título uniforme Programa de catalogación en la publicación
830 1# - • PUNTO DE ACCESO ADICIONAL DE SERIE - TÍTULO UNIFORME
Título uniforme Colección jóvenes adultos
942 ## - ENTRADA DE ELEMENTOS AGREGADOS (KOHA)
Fuente de clasificaión o esquema Dewey Decimal Classification
Koha [por defecto] tipo de item LIbro
949 ## - TRATAMIENTO DE LA INFORMACIÓN LOCAL (OCLC)
a c
b c
960 ## - LOCALIZACIÓN FÍSICA (RLIN)
Localización f&íacute;sica, PLOC (RLIN) Normalizados-2025
Existencias
Perdido Fuente de clasificación o esquema Estado Físico No para préstamo Forma de adquisición Localización permanente Localización actual Localización en estanterías Fecha adquisición Préstamos totales Signatura completa Código de barras Fecha última consulta Número de copia Fecha del precio de reemplazo Tipo de item de Koha
  Clasificación Local Facetada     Literatura General Biblioteca Pública San Juanito - Ernesto Maria Peña Romero Biblioteca Pública San Juanito - Ernesto Maria Peña Romero Literatura 02/16/2026   N MEN23 SJU02479 02/16/2026 Ej.1 02/16/2026 Libro Literatura









Instituto Departamental de Cultura del Meta - Red Departamental de Bibliotecas Públicas del Meta.